Eastern Utah Libraries Catalog: Duchesne, Heber, Roosevelt, & Vernal

Boleyn traitor / (Record no. 412336)

MARC details
000 -LEADER
fixed length control field 02053aam a2200373 i 4500
001 - CONTROL NUMBER
control field in903025914
005 - DATE AND TIME OF LATEST TRANSACTION
control field 20251024122836.0
008 - FIXED-LENGTH DATA ELEMENTS--GENERAL INFORMATION
fixed length control field 241009s2025 nyuj b 000 1 eng d
020 ## - INTERNATIONAL STANDARD BOOK NUMBER
International Standard Book Number 9780063439689
Qualifying information (hardback)
035 ## - SYSTEM CONTROL NUMBER
System control number (OCoLC)1459688608
040 ## - CATALOGING SOURCE
Original cataloging agency TnLvILS
Language of cataloging eng
Description conventions rda
Transcribing agency TnLvILS
Modifying agency TnLvILS
043 ## - GEOGRAPHIC AREA CODE
Geographic area code e-uk---
-- e-uk-en
050 #4 - LIBRARY OF CONGRESS CALL NUMBER
Classification number PR6057.R386
Item number B653 2025
082 04 - DEWEY DECIMAL CLASSIFICATION NUMBER
Classification number 823/.914
Edition number 23/eng/20250929
092 ## - LOCALLY ASSIGNED DEWEY CALL NUMBER (OCLC)
Classification number fiction
Item number Gregory, Philippa
100 1# - MAIN ENTRY--PERSONAL NAME
Personal name Gregory, Philippa,
Relator term author
9 (RLIN) 25289
245 10 - TITLE STATEMENT
Title Boleyn traitor /
Statement of responsibility, etc Philippa Gregory.
250 ## - EDITION STATEMENT
Edition statement First US edition.
264 #1 - Production, Publication, Distribution, Manufacture, and Copyright Notice.
Place of production, publication, distribution, manufacture New York, NY :
Name of producer, publisher, distributor, manufacturer William Morror, an imprint of HarperCollinsPublishers,
Date of production, publication, distribution, manufacture, or copyr [2025]
300 ## - PHYSICAL DESCRIPTION
Extent 488 pages :
Other physical details genealogical table ;
Dimensions 24 cm
336 ## - Content Type
Content type term text
337 ## - Media type
Media type term unmediated
338 ## - Carrier type
Carrier type term volume
504 ## - BIBLIOGRAPHY, ETC. NOTE
Bibliography, etc Includes bibliographical references.
520 ## - SUMMARY, ETC.
Summary, etc "Jane Boleyn watches from the shadows of the Tudor court, where secrets are currency, every choice is dangerous, and even the faintest whisper can seal the fate of queens. For Jane, survival demands playing every role required of her: a loving wife who conceals her doubts, a devoted sister to Anne Boleyn at the height of her power, and an obedient spy who carefully wields her words. But in a court ruled by ambition and a tyrant's sword, Jane must rely on her sharp wit and skillful maneuvering to outthink those around her, knowing that one wrong move could cost her everything"--
600 10 - SUBJECT ADDED ENTRY--PERSONAL NAME
Personal name Boleyn, Jane,
Titles and other words associated with a name Viscountess Rochford,
Dates associated with a name d. 1542
Form subdivision Fiction.
9 (RLIN) 6553270
600 00 - SUBJECT ADDED ENTRY--PERSONAL NAME
Personal name Anne,
Titles and other words associated with a name of Cleves, Queen, consort of Henry VIII, King of England,
Dates associated with a name 1515-1557
Form subdivision Fiction.
9 (RLIN) 5771430
650 #0 - SUBJECT ADDED ENTRY--TOPICAL TERM
Topical term or geographic name as entry element Queens
Geographic subdivision Great Britain
Form subdivision Fiction.
9 (RLIN) 5693107
651 #0 - SUBJECT ADDED ENTRY--GEOGRAPHIC NAME
Geographic name Great Britain
General subdivision History
Chronological subdivision Henry VIII, 1509-1547
Form subdivision Fiction.
9 (RLIN) 5693108
651 #0 - SUBJECT ADDED ENTRY--GEOGRAPHIC NAME
Geographic name Great Britain
General subdivision History
Chronological subdivision Tudors, 1485-1603
Form subdivision Fiction.
9 (RLIN) 5738441
651 #0 - SUBJECT ADDED ENTRY--GEOGRAPHIC NAME
Geographic name Great Britain
General subdivision Court and courtiers
Form subdivision Fiction.
9 (RLIN) 6511698
655 #7 - INDEX TERM--GENRE/FORM
Genre/form data or focus term Historical fiction.
Source of term lcgft
942 ## - ADDED ENTRY ELEMENTS (KOHA)
Source of classification or shelving scheme Dewey Decimal Classification
Koha item type BOOK
Holdings
Withdrawn status Lost status Source of classification or shelving scheme Damaged status Not for loan Collection code Home library Current library Shelving location Date acquired Source of acquisition Total Checkouts Total Renewals Full call number Barcode Date last seen Date checked out Cost, replacement price Price effective from Koha item type
    Dewey Decimal Classification     Fiction Wasatch County Library Wasatch County Library First Floor 10/27/2025 Ingram 4 2 F Gregory 34301002104000 03/08/2026 01/21/2026 32.00 10/27/2025 BOOK
This project was made possible through a grant from the Institute of Museum and Library Service administered by the Utah State Library Division.

Wasatch County Library

  • 465 East 1200 South, Heber City, Utah 84032
  • Phone 435-654-1511 | Fax 435-654-6456

Hours

  • Monday - Friday 9:30 AM - 8:00 PM
  • Saturday 9:30 AM - 1:30 PM
  • Closed Sundays and Holidays